000 00400nam a2200157Ia 4500
003 LK-CoDNM
008 010623t1976 xxu||||| |||| 00| 1 eng d
040 _aLK-CoDNM
_dLK-CoDNM
_eLK-CoDNM
041 _aeng
080 _ax 820-1 STA
100 _aStanislaus Ethel V.
245 _aA book of English poems
260 _bRatna poth prakashakayo
_aColombo
_c1976
300 _b20, 19 cm
942 _cBK
999 _c109742
_d109742